000
00204nam a2200085 4500
001
1255669
005
20251211110822.0
245
_a
SON BAKIŞ KÖPRÜSÜ
_c
NEHİR AYDIN GÖKDUMAN
260
_b
TİMAŞ YAYINLARI
999
_c
1255669
_d
1255669